=LDR 00000nam 2200000 4500 =001 INLIS000000000007905 =005 20130612095833 =008 ***********************************Ind** =035 ##$$0010-061300000007905 =041 ##$$a Ind =082 ##$$a 001.640 4 =090 ##$$a 001.640 4, Uto p =245 ##$$a Pedoman komputer mikro untuk usahawan Indonesia, SGV-Utomo =260 ##$$a 1984 $b Jakarta =300 ##$$a ix, 311 hlm, ilus, 28 cm =650 ##$$a Komputer mikro